00915 2200325 4500001002100000005001700021008004100038020002200079035002400101040001200125082001000137084001600147100001800163245011600181250001100297260003900308300002600347650002400373850001200397990001800409990001800427990001800445990001800463990001800481990001800499990001800517990001800535990001800553990001800571INLIS00000000002289120160923101530.0  a978-602-14837-8-7 0010-091600000000663 aYOPDYOG a371.4 a371.4 Hid P aHidayat Maruf aPerilaku Aagresi Relasi Siswa di Sekolah Mengenali dan Menyelesaikannya Melalui Mediasi Sebayac/ Hidayat Maruf aCet. 1 aYogyakartabAswaja Pressindoc2015 ax, 166 hlm.c; 21 cm. aBimbingan Konseling aYOPDYOG a13299-KS/B.16 a13300-KS/B.16 a13301-KS/B.16 a13302-KS/B.16 a13303-KS/B.16 a13304-KS/B.16 a13305-KS/B.16 a13306-KS/B.16 a13307-KS/B.16 a13308-KS/B.16